[Event "BL2-Nord 1415"]
[Site "Germany"]
[Date "2015.02.01"]
[Round "6.8"]
[White "Ehrke, Michael"]
[Black "Mattick, Lutz"]
[Result "1-0"]
[WhiteElo "2210"]
[BlackElo "2216"]
[PlyCount "47"]
[EventDate "2014.09.21"]
[EventType "team-tourn"]
[EventRounds "9"]
[EventCountry "GER"]
[SourceTitle "CBM 166 Extra"]
[Source "ChessBase"]
[SourceDate "2015.06.18"]
[SourceVersion "1"]
[SourceVersionDate "2015.06.18"]
[SourceQuality "1"]
[WhiteTeam "Luebeck"]
[BlackTeam "Berlin Kreuzberg"]
[WhiteTeamCountry "GER"]
[BlackTeamCountry "GER"]

1. d4 Nf6 2. Nf3 c5 3. e3 g6 4. c3 b6 5. Nbd2 Bb7 6. Bd3 Nc6 7. e4 cxd4 8. cxd4 Nb4 9. Bc4 b5 10. Bxb5 Qa5 11. Be2 Nxe4 12. 0-0 Nd6 13. Nb3 Qd5 14. Nc5 Bg7 15. Bf4 Nf5 16. a3 Nc2 17. Nxb7 Nxa1 18. Nc5 Nxd4 19. Nxd4 Qxc5 20. Be3 Rc8 21. Ne6 Qc2 22. Nxg7+ Kf8 23. Qd4 Nb3 24. Ne6+ 1-0

[Event "BL2-Nord 1314"]
[Site "Germany"]
[Date "2014.04.06"]
[Round "9.7"]
[White "Skibbe, Willi"]
[Black "Mattick, Lutz"]
[Result "1-0"]
[WhiteElo "2300"]
[BlackElo "2250"]
[PlyCount "67"]
[EventDate "2013.10.13"]
[EventType "team-tourn"]
[EventRounds "9"]
[EventCountry "GER"]
[SourceTitle "EXT 2015"]
[Source "ChessBase"]
[SourceDate "2014.11.20"]
[SourceVersion "1"]
[SourceVersionDate "2014.11.20"]
[SourceQuality "1"]
[WhiteTeam "Rostock"]
[BlackTeam "Kreuzberg"]
[WhiteTeamCountry "GER"]
[BlackTeamCountry "GER"]

1. d4 Nf6 2. c4 e6 3. Nc3 Bb4 4. e3 c5 5. Nge2 cxd4 6. exd4 0-0 7. a3 Be7 8. Nf4 d5 9. Bd3 dxc4 10. Bxc4 Nc6 11. Nfe2 b6 12. 0-0 Bb7 13. Qd3 e5 14. d5 e4 15. Qg3 Bd6 16. Qh3 Ne5 17. Ba2 Bc8 18. Qh4 Ng6 19. Qg5 e3 20. f4 Bg4 21. f5 Bxe2 22. Nxe2 h6 23. Qxe3 Re8 24. Qh3 Rxe2 25. fxg6 fxg6 26. Qf3 Re5 27. Bd2 Qe7 28. Bf4 Rf5 29. Qg3 Bxf4 30. d6+ Kh7 31. dxe7 Bxg3 32. hxg3 Re8 33. Rfe1 Ng8 34. Rad1 1-0

[Event "BL2-Nord 1314"]
[Site "Germany"]
[Date "2014.03.16"]
[Round "8.6"]
[White "Kussin, Bernd"]
[Black "Mattick, Lutz"]
[Result "1/2-1/2"]
[WhiteElo "2125"]
[BlackElo "2250"]
[PlyCount "56"]
[EventDate "2013.10.13"]
[EventType "team-tourn"]
[EventRounds "9"]
[EventCountry "GER"]
[SourceTitle "EXT 2015"]
[Source "ChessBase"]
[SourceDate "2014.11.20"]
[SourceVersion "1"]
[SourceVersionDate "2014.11.20"]
[SourceQuality "1"]
[WhiteTeam "Eppendorf"]
[BlackTeam "Kreuzberg"]
[WhiteTeamCountry "GER"]
[BlackTeamCountry "GER"]

1. d4 Nf6 2. Nf3 c5 3. d5 e6 4. Nc3 exd5 5. Nxd5 Nxd5 6. Qxd5 Be7 7. e4 d6 8. Bc4 0-0 9. 0-0 Nd7 10. Bg5 Nb6 11. Bxe7 Qxe7 12. Qd3 Nxc4 13. Qxc4 Bd7 14. Qd3 Bc6 15. Nd2 Rae8 16. f3 b5 17. c4 a6 18. b3 Qe5 19. Rfe1 Re6 20. Nf1 Rfe8 21. Rad1 Qg5 22. Qd2 Qxd2 23. Rxd2 f5 24. Ng3 fxe4 25. Nxe4 Bxe4 26. Rxe4 Rxe4 27. fxe4 bxc4 28. bxc4 Rxe4 1/2-1/2

[Event "BL2-Nord 1314"]
[Site "Germany"]
[Date "2014.02.09"]
[Round "6.6"]
[White "Mattick, Lutz"]
[Black "Steffens, Olaf"]
[Result "0-1"]
[WhiteElo "2250"]
[BlackElo "2194"]
[PlyCount "38"]
[EventDate "2013.10.13"]
[EventType "team-tourn"]
[EventRounds "9"]
[EventCountry "GER"]
[SourceTitle "EXT 2015"]
[Source "ChessBase"]
[SourceDate "2014.11.20"]
[SourceVersion "1"]
[SourceVersionDate "2014.11.20"]
[SourceQuality "1"]
[WhiteTeam "Kreuzberg"]
[BlackTeam "Werder Bremen II"]
[WhiteTeamCountry "GER"]
[BlackTeamCountry "GER"]

1. d4 b5 2. Bg5 h6 3. Bh4 Nf6 4. e3 Bb7 5. Nf3 b4 6. c4 e6 7. Nbd2 c5 8. Bd3 d6 9. 0-0 Nbd7 10. Qe2 Be7 11. Rac1 g5 12. Bg3 h5 13. e4 g4 14. Ng5 cxd4 15. e5 dxe5 16. f3 Rg8 17. Nxf7 Kxf7 18. fxg4 Rxg4 19. Ne4 Kg7 0-1

[Event "BL2-Nord 1314"]
[Site "Germany"]
[Date "2013.12.15"]
[Round "4.6"]
[White "Mattick, Lutz"]
[Black "Ribic, Kasmir"]
[Result "0-1"]
[WhiteElo "2250"]
[BlackElo "2282"]
[PlyCount "92"]
[EventDate "2013.10.13"]
[EventType "team-tourn"]
[EventRounds "9"]
[EventCountry "GER"]
[SourceTitle "EXT 2015"]
[Source "ChessBase"]
[SourceDate "2014.11.20"]
[SourceVersion "1"]
[SourceVersionDate "2014.11.20"]
[SourceQuality "1"]
[WhiteTeam "Kreuzberg"]
[BlackTeam "Zehlendorf"]
[WhiteTeamCountry "GER"]
[BlackTeamCountry "GER"]

1. d4 d5 2. Nf3 c6 3. c4 Nf6 4. e3 e6 5. Nbd2 c5 6. b3 cxd4 7. exd4 Nc6 8. Bb2 Be7 9. Bd3 0-0 10. 0-0 b6 11. Rc1 Bb7 12. Qe2 Qb8 13. Ne5 dxc4 14. bxc4 Nxe5 15. dxe5 Nd7 16. Bb1 Nc5 17. Rc3 g6 18. Rh3 Qc7 19. Qe3 f5 20. exf6 Bxf6 21. Bxf6 Rxf6 22. Nb3 Nd7 23. Be4 Bxe4 24. Qxe4 Rc8 25. Qh4 Rf7 26. Nd2 Qf4 27. Ne4 Nf8 28. Ng5 Qxh4 29. Rxh4 Rfc7 30. h3 Rxc4 31. Rxc4 Rxc4 32. Rd1 h6 33. Nf3 Rc5 34. g4 Kf7 35. Rd4 Ke7 36. Ra4 a5 37. Re4 Rc2 38. a4 Rc1+ 39. Kg2 Nd7 40. Rd4 g5 41. h4 gxh4 42. Nxh4 Nc5 43. Rf4 Ra1 44. Ng6+ Kd6 45. Rf6 Rxa4 46. f3 b5 0-1

[Event "BL2-Nord 1213"]
[Site "Germany"]
[Date "2013.02.03"]
[Round "6.8"]
[White "Mattick, Lutz"]
[Black "Koop, Thilo"]
[Result "0-1"]
[WhiteElo "2260"]
[BlackElo "2185"]
[PlyCount "112"]
[EventDate "2012.10.14"]
[EventType "team-tourn"]
[EventRounds "9"]
[EventCountry "GER"]
[SourceTitle "CBM 154 Extra"]
[Source "ChessBase"]
[SourceDate "2013.06.25"]
[SourceVersion "2"]
[SourceVersionDate "2013.06.25"]
[SourceQuality "1"]
[WhiteTeam "Berlin Kreuzberg"]
[BlackTeam "Luebeck"]
[WhiteTeamCountry "GER"]
[BlackTeamCountry "GER"]

1. d4 d5 2. Nf3 Nc6 3. Bf4 Bg4 4. e3 e6 5. Bb5 Nge7 6. Nbd2 a6 7. Bd3 Ng6 8. Bg3 Bd6 9. Bxd6 cxd6 10. h3 Bxf3 11. Qxf3 Nb4 12. h4 Nxd3+ 13. cxd3 Nxh4 14. Qh5 Ng6 15. Nf3 Qa5+ 16. Kf1 Qb5 17. g4 Qxd3+ 18. Kg2 Rc8 19. Rad1 Qe4 20. Kg3 h6 21. Rc1 Rc6 22. Rxc6 bxc6 23. Rc1 Ne7 24. Rc3 g6 25. Qh3 h5 26. Nd2 Qxg4+ 27. Qxg4 hxg4 28. Ra3 f5 29. Rxa6 Kf7 30. a4 Rb8 31. b3 g5 32. Ra7 Kf6 33. Rd7 Ng6 34. Rxd6 Rc8 35. Rd7 e5 36. a5 exd4 37. exd4 Nf4 38. f3 Ne2+ 39. Kf2 Nxd4 40. fxg4 fxg4 41. Kg3 Rb8 42. a6 Ra8 43. Ne4+ dxe4 44. Rxd4 Kf5 45. Ra4 e3 46. a7 c5 47. Kg2 Kg6 48. Ra5 Kh5 49. Ra6 e2 50. Kf2 Re8 51. Ke1 g3 52. Re6 Ra8 53. Kxe2 Rxa7 54. Kf3 Ra3 55. Rc6 Rxb3+ 56. Kg2 Rc3 0-1

[Event "BL2-Nord 1213"]
[Site "Germany"]
[Date "2013.01.13"]
[Round "5.7"]
[White "Lai Hop, Duong"]
[Black "Mattick, Lutz"]
[Result "1-0"]
[WhiteElo "2204"]
[BlackElo "2260"]
[PlyCount "59"]
[EventDate "2012.10.14"]
[EventType "team-tourn"]
[EventRounds "9"]
[EventCountry "GER"]
[SourceTitle "CBM 154 Extra"]
[Source "ChessBase"]
[SourceDate "2013.06.25"]
[SourceVersion "2"]
[SourceVersionDate "2013.06.25"]
[SourceQuality "1"]
[WhiteTeam "Werder Bremen II"]
[BlackTeam "Berlin Kreuzberg"]
[WhiteTeamCountry "GER"]
[BlackTeamCountry "GER"]

1. d4 Nf6 2. Nf3 c5 3. c3 cxd4 4. cxd4 d5 5. Nc3 Nc6 6. Bf4 Bf5 7. Qb3 e6 8. Qxb7 Rc8 9. e3 Bb4 10. Bb5 0-0 11. Bxc6 Qa5 12. 0-0 Bd3 13. Bb5 Bxf1 14. Bxf1 Bxc3 15. bxc3 Qxc3 16. Rb1 Ne4 17. Qb2 Qxb2 18. Rxb2 Rc1 19. Nd2 Nxd2 20. Rxd2 Rfc8 21. g4 f6 22. Kg2 g5 23. Bd6 R8c2 24. Rxc2 Rxc2 25. a3 Ra2 26. Bd3 h6 27. Bb5 Kf7 28. Bc6 Ra1 29. Bc5 Ra2 30. a4 1-0

[Event "BL2-Nord 1011"]
[Site "Germany"]
[Date "2011.03.20"]
[Round "8.5"]
[White "Bruchmann, Stephan"]
[Black "Mattick, Lutz"]
[Result "1/2-1/2"]
[WhiteElo "2295"]
[BlackElo "2258"]
[PlyCount "28"]
[EventDate "2010.10.10"]
[EventType "team-tourn"]
[EventRounds "9"]
[EventCountry "GER"]
[SourceTitle "EXT 2012"]
[Source "ChessBase"]
[SourceDate "2011.11.24"]
[SourceVersion "1"]
[SourceVersionDate "2011.11.24"]
[SourceQuality "1"]
[WhiteTeam "Berlin 1903 II"]
[BlackTeam "Kreuzberg"]
[WhiteTeamCountry "GER"]
[BlackTeamCountry "GER"]

1. e4 c5 2. Nf3 e6 3. Nc3 a6 4. d4 cxd4 5. Nxd4 Qc7 6. Bd3 Nf6 7. f4 b5 8. e5 b4 9. Ne4 Nxe4 10. Bxe4 Bb7 11. Qf3 Bxe4 12. Qxe4 Nc6 13. Nxc6 Qxc6 14. Qxc6 dxc6 1/2-1/2

[Event "BL2-Nord 1011"]
[Site "Germany"]
[Date "2011.01.16"]
[Round "5.6"]
[White "Mattick, Lutz"]
[Black "Anibar, Ahmed"]
[Result "1-0"]
[WhiteElo "2258"]
[BlackElo "2273"]
[PlyCount "55"]
[EventDate "2010.10.10"]
[EventType "team-tourn"]
[EventRounds "9"]
[EventCountry "GER"]
[SourceTitle "EXT 2012"]
[Source "ChessBase"]
[SourceDate "2011.11.24"]
[SourceVersion "1"]
[SourceVersionDate "2011.11.24"]
[SourceQuality "1"]
[WhiteTeam "Kreuzberg"]
[BlackTeam "Neukloster"]
[WhiteTeamCountry "GER"]
[BlackTeamCountry "GER"]

1. d4 Nf6 2. Nf3 g6 3. c4 Bg7 4. Nc3 0-0 5. Bg5 c5 6. d5 b5 7. cxb5 a6 8. e3 Qa5 9. Nd2 h6 10. Nc4 Qd8 11. Bxf6 Bxf6 12. b6 a5 13. Nb5 Na6 14. Qd2 a4 15. a3 d6 16. Be2 Bd7 17. Na7 Nb8 18. 0-0 Kh7 19. e4 Bd4 20. Rab1 e6 21. b3 f5 22. Bf3 exd5 23. exd5 axb3 24. Nc6 Qf6 25. Rxb3 Ra4 26. Nxd4 Rxc4 27. Nc6 g5 28. Qa5 1-0

[Event "Pardubice Czech op-A 21st"]
[Site "Pardubice"]
[Date "2010.07.28"]
[Round "6"]
[White "Gorbatov, Alexej"]
[Black "Mattick, Lutz"]
[Result "1-0"]
[WhiteElo "2390"]
[BlackElo "2248"]
[PlyCount "53"]
[EventDate "2010.07.23"]
[EventType "swiss"]
[EventRounds "9"]
[EventCountry "CZE"]
[SourceTitle "CBM 137 Extra"]
[Source "ChessBase"]
[SourceDate "2010.09.01"]
[SourceVersion "1"]
[SourceVersionDate "2010.09.01"]
[SourceQuality "1"]

1. Nf3 c5 2. e4 e6 3. d4 cxd4 4. Nxd4 a6 5. c4 Nf6 6. Bd3 Nc6 7. Nxc6 dxc6 8. Qe2 e5 9. Nd2 Be6 10. 0-0 Qc7 11. Nb3 a5 12. Be3 a4 13. Nc5 Qa5 14. Nxe6 fxe6 15. Qf3 0-0-0 16. Rfd1 Bc5 17. Bc2 Rxd1+ 18. Rxd1 Bxe3 19. Qxe3 Rd8 20. Rxd8+ Kxd8 21. a3 Kc7 22. Kf1 Qb6 23. Qc3 Ng4 24. c5 Qb5+ 25. Ke1 Kc8 26. f3 Nf6 27. Bd3 1-0

[Event "BL2-Nord 0910"]
[Site "Germany"]
[Date "2010.04.11"]
[Round "9.7"]
[White "Mattick, Lutz"]
[Black "Kahlert, Thomas"]
[Result "1-0"]
[WhiteElo "2244"]
[BlackElo "2256"]
[PlyCount "65"]
[EventDate "2009.10.18"]
[EventType "team-tourn"]
[EventRounds "9"]
[EventCountry "GER"]
[SourceTitle "EXT 2011"]
[Source "ChessBase"]
[SourceDate "2010.11.26"]
[SourceVersion "1"]
[SourceVersionDate "2010.11.26"]
[SourceQuality "1"]
[WhiteTeam "Kreuzberg"]
[BlackTeam "Norderstedt"]
[WhiteTeamCountry "GER"]
[BlackTeamCountry "GER"]

1. d4 Nf6 2. Nf3 g6 3. c4 Bg7 4. Nc3 d5 5. e3 0-0 6. Qb3 e6 7. Bd2 b6 8. Rc1 Bb7 9. Be2 Nc6 10. cxd5 exd5 11. 0-0 Re8 12. Rfd1 a6 13. Be1 Qe7 14. Bf1 Rad8 15. Ne2 Ne4 16. Nf4 Qd6 17. Qc2 Bh6 18. Ne5 Nxe5 19. dxe5 Qc5 20. Qb3 Qe7 21. Nxd5 Bxd5 22. Rxd5 Nc5 23. Qd1 Rxd5 24. Qxd5 Qxe5 25. Qxe5 Rxe5 26. b4 Ne6 27. Bc3 Re4 28. Bd2 b5 29. Rc6 Bf8 30. Rxa6 Bxb4 31. Bd3 Bxd2 32. Bxe4 Kg7 33. Bd5 1-0

[Event "BL2-Nord 0910"]
[Site "Germany"]
[Date "2010.03.21"]
[Round "8.6"]
[White "Mattick, Lutz"]
[Black "Priebe, Jan"]
[Result "1-0"]
[WhiteElo "2244"]
[BlackElo "2238"]
[PlyCount "69"]
[EventDate "2009.10.18"]
[EventType "team-tourn"]
[EventRounds "9"]
[EventCountry "GER"]
[SourceTitle "EXT 2011"]
[Source "ChessBase"]
[SourceDate "2010.11.26"]
[SourceVersion "1"]
[SourceVersionDate "2010.11.26"]
[SourceQuality "1"]
[WhiteTeam "Kreuzberg"]
[BlackTeam "Goettingen"]
[WhiteTeamCountry "GER"]
[BlackTeamCountry "GER"]

1. d4 Nf6 2. Nf3 g6 3. c4 Bg7 4. Nc3 0-0 5. Bg5 c5 6. d5 h6 7. Bh4 d6 8. e3 g5 9. Bg3 Nh5 10. Nd2 Nxg3 11. hxg3 Bf5 12. Be2 Na6 13. f4 e6 14. Kf2 Bg6 15. dxe6 fxe6 16. Nde4 d5 17. cxd5 exd5 18. Bxa6 bxa6 19. Nxc5 d4 20. Ne6 dxe3+ 21. Ke2 Qxd1+ 22. Raxd1 Rfb8 23. Nxg7 Rxb2+ 24. Kxe3 gxf4+ 25. gxf4 Kxg7 26. Rd7+ Bf7 27. Rb1 Re8+ 28. Kf3 Rxb1 29. Nxb1 Re6 30. Nd2 Rb6 31. Nc4 Rf6 32. Ne5 Kg8 33. Rxf7 Rxf7 34. Nxf7 Kxf7 35. g4 1-0

[Event "Berlin-ch"]
[Site "Berlin"]
[Date "2008.03.26"]
[Round "5"]
[White "Niehaus, Frank"]
[Black "Mattick, Lutz"]
[Result "0-1"]
[WhiteElo "2235"]
[BlackElo "2292"]
[PlyCount "52"]
[EventDate "2008.03.22"]
[EventType "swiss"]
[EventRounds "9"]
[EventCountry "GER"]
[SourceTitle "CBM 123 Extra"]
[Source "ChessBase"]
[SourceDate "2008.05.06"]
[SourceVersion "1"]
[SourceVersionDate "2008.05.06"]
[SourceQuality "1"]

1. e4 c5 2. Nf3 e6 3. d4 cxd4 4. Nxd4 a6 5. Nc3 Qc7 6. Bd3 Nf6 7. 0-0 Nc6 8. Be3 Ne5 9. h3 Bc5 10. Kh1 d6 11. f4 Ng6 12. Qe1 b5 13. f5 Ne5 14. Qh4 Qa7 15. Qf2 Nfg4 16. hxg4 Nxg4 17. Qg3 Nxe3 18. Nf3 f6 19. Rfe1 0-0 20. Nh4 Nc4 21. Re2 Nxb2 22. fxe6 Bxe6 23. Nd5 Bxd5 24. exd5 Nxd3 25. cxd3 Rae8 26. Rae1 Bf2 0-1

[Event "Berlin-ch"]
[Site "Berlin"]
[Date "2008.03.24"]
[Round "3"]
[White "Von Herman, Ulf"]
[Black "Mattick, Lutz"]
[Result "1-0"]
[WhiteElo "2365"]
[BlackElo "2292"]
[PlyCount "72"]
[EventDate "2008.03.22"]
[EventType "swiss"]
[EventRounds "9"]
[EventCountry "GER"]
[SourceTitle "CBM 123 Extra"]
[Source "ChessBase"]
[SourceDate "2008.05.06"]
[SourceVersion "1"]
[SourceVersionDate "2008.05.06"]
[SourceQuality "1"]

1. d4 Nf6 2. c4 e6 3. Nc3 Bb4 4. Qc2 c5 5. dxc5 Bxc5 6. Nf3 Qb6 7. e3 Be7 8. b3 a6 9. Bb2 Qc7 10. g4 h6 11. Rg1 d5 12. h4 dxc4 13. g5 hxg5 14. hxg5 Nfd7 15. Ne4 Bb4+ 16. Kd1 c3 17. Nxc3 Nc6 18. Ne4 Bf8 19. Bg2 Qd8 20. Ke2 Nb4 21. Qd2 Qb6 22. Rgd1 Qb5+ 23. Ke1 Nd5 24. Qe2 Qb4+ 25. Nfd2 Nc5 26. Nxc5 Bxc5 27. Rac1 Rh2 28. Kf1 Bd7 29. Kg1 Rxg2+ 30. Kxg2 Bc6 31. Kf1 Qh4 32. Ke1 Bb5 33. Rc4 Bxc4 34. Qxc4 Qh1+ 35. Qf1 Qh5 36. Qc4 Qh1+ 1-0

[Event "Berlin op 07"]
[Site "Berlin"]
[Date "2006.07.08"]
[Round "1"]
[White "Mattick, Lutz"]
[Black "Pews, Kristine"]
[Result "1-0"]
[WhiteElo "2278"]
[BlackElo "1793"]
[PlyCount "49"]
[EventDate "2006.07.08"]
[EventType "swiss"]
[EventRounds "9"]
[EventCountry "GER"]
[SourceTitle "CBM 113 Extra"]
[Source "ChessBase"]
[SourceDate "2006.09.14"]
[SourceVersion "1"]
[SourceVersionDate "2006.09.14"]
[SourceQuality "1"]

1. Nf3 g6 2. c4 Bg7 3. Nc3 d6 4. d4 Nc6 5. d5 Ne5 6. Nd2 f5 7. g3 Nf6 8. Bg2 0-0 9. 0-0 c5 10. h3 Bd7 11. f4 Nf7 12. e4 fxe4 13. Qe2 a6 14. a4 Rb8 15. Ndxe4 Nxe4 16. Qxe4 b5 17. axb5 axb5 18. cxb5 Bxb5 19. Re1 Re8 20. Ra7 Bd7 21. g4 e5 22. dxe6 Rxe6 23. Rxd7 Rxe4 24. Rxd8+ Rxd8 25. Bxe4 1-0

[Event "Oberliga Nord O 0506"]
[Site "Germany"]
[Date "2006.04.02"]
[Round "9.1"]
[White "Mattick, Lutz"]
[Black "Rosenthal, Dirk"]
[Result "0-1"]
[WhiteElo "2274"]
[BlackElo "2357"]
[PlyCount "74"]
[EventDate "2005.10.23"]
[EventType "team-tourn"]
[EventRounds "9"]
[EventCountry "GER"]
[SourceTitle "EXT 2007"]
[Source "ChessBase"]
[SourceDate "2006.11.23"]
[SourceVersion "1"]
[SourceVersionDate "2006.11.23"]
[SourceQuality "1"]
[WhiteTeam "Kreuzberg III"]
[BlackTeam "Oberschoeneweide"]
[WhiteTeamCountry "GER"]
[BlackTeamCountry "GER"]

1. d4 Nf6 2. Nf3 g6 3. c4 Bg7 4. Nc3 0-0 5. Bg5 c5 6. d5 h6 7. Bh4 d6 8. e3 Na6 9. Nd2 Nc7 10. Be2 Bd7 11. a4 b6 12. 0-0 a6 13. e4 Rb8 14. f4 Nh7 15. e5 g5 16. fxg5 hxg5 17. exd6 gxh4 18. dxc7 Qxc7 19. Bd3 Qe5 20. Bxh7+ Kxh7 21. Qc2+ Kg8 22. Rae1 Qh5 23. Rxe7 h3 24. g3 Bg4 25. Qe4 Bd4+ 26. Kh1 f5 27. Qe6+ Kh8 28. Rf4 Rf6 29. Qe1 Rf7 30. d6 Rxe7 31. dxe7 Bxc3 32. bxc3 Re8 33. Qe5+ Kg8 34. Rf1 Qg5 35. Qd5+ Kg7 36. Qe5+ Kh7 37. Re1 Qxd2 0-1

[Event "Oberliga Nord O 0506"]
[Site "Germany"]
[Date "2005.12.11"]
[Round "4.2"]
[White "Schulz, Michael"]
[Black "Mattick, Lutz"]
[Result "0-1"]
[WhiteElo "2235"]
[BlackElo "2274"]
[PlyCount "82"]
[EventDate "2005.10.23"]
[EventType "team-tourn"]
[EventRounds "9"]
[EventCountry "GER"]
[SourceTitle "EXT 2007"]
[Source "ChessBase"]
[SourceDate "2006.11.23"]
[SourceVersion "1"]
[SourceVersionDate "2006.11.23"]
[SourceQuality "1"]
[WhiteTeam "Koenig Tegel II"]
[BlackTeam "Kreuzberg III"]
[WhiteTeamCountry "GER"]
[BlackTeamCountry "GER"]

1. d4 Nf6 2. Bg5 e6 3. Nd2 h6 4. Bh4 d5 5. e3 c5 6. c3 Be7 7. Bd3 Nc6 8. Ngf3 b6 9. Qe2 Bb7 10. 0-0 Qc7 11. Bg3 Bd6 12. e4 Bxg3 13. fxg3 dxe4 14. Nxe4 Nxe4 15. Bxe4 cxd4 16. cxd4 0-0 17. Rad1 Nb4 18. Bb1 Qe7 19. Rf2 Bxf3 20. Rxf3 Rac8 21. Qe4 g6 22. h4 Qd6 23. Kh2 Nd5 24. Re1 h5 25. Kh3 Ne7 26. g4 hxg4+ 27. Qxg4 Rc4 28. Rf4 Nf5 29. Re5 Rxd4 30. Bxf5 Qxe5 31. Rxd4 exf5 32. Qd1 Kg7 33. g3 Re8 34. b3 Qe2 35. Qxe2 Rxe2 36. Ra4 a5 37. b4 Re4 38. a3 Kf6 39. Kg2 Ke5 40. Kf3 Kd5 41. h5 gxh5 0-1

[Event "Berlin op 03"]
[Site "Berlin"]
[Date "2005.03.29"]
[Round "5"]
[White "Mattick, Lutz"]
[Black "Haemmerlein, Thomas"]
[Result "1-0"]
[WhiteElo "2207"]
[BlackElo "2114"]
[PlyCount "80"]
[EventDate "2005.03.25"]
[EventType "swiss"]
[EventRounds "9"]
[EventCountry "GER"]
[SourceTitle "EXT 2007"]
[Source "ChessBase"]
[SourceDate "2006.11.23"]
[SourceVersion "1"]
[SourceVersionDate "2006.11.23"]
[SourceQuality "1"]

1. d4 f5 2. g3 Nf6 3. Bg2 g6 4. Nf3 d6 5. 0-0 Bg7 6. c4 0-0 7. Nc3 c6 8. b3 Na6 9. Ba3 Qa5 10. Bb2 Re8 11. a3 e5 12. b4 Qc7 13. dxe5 dxe5 14. e4 f4 15. gxf4 Nh5 16. fxe5 Nf4 17. Qd6 Qxd6 18. exd6 Bxc3 19. Bxc3 Ne2+ 20. Kh1 Nxc3 21. e5 Ne2 22. Rad1 Bd7 23. Rfe1 Nf4 24. Ng5 Kg7 25. Rd4 Nxg2 26. Kxg2 h6 27. Nf3 c5 28. Rde4 Bc6 29. R4e3 cxb4 30. Kg3 Bxf3 31. Kxf3 Rad8 32. axb4 Nxb4 33. Rd1 Re6 34. Ke4 Rd7 35. Rb1 a5 36. c5 g5 37. Rxb4 axb4 38. Kd5 Rde7 39. dxe7 Rxe7 40. Kd6 Kf7 1-0